The Soils, Vegetation and Traditional Agriculture of Zambia: (Record no. 1108)

MARC details
000 -LEADER
fixed length control field 00606nam a22001937a 4500
003 - CONTROL NUMBER IDENTIFIER
control field OSt
005 - DATE AND TIME OF LATEST TRANSACTION
control field 20240328142443.0
008 - FIXED-LENGTH DATA ELEMENTS--GENERAL INFORMATION
fixed length control field 240328b |||||||| |||| 00| 0 eng d
020 ## - INTERNATIONAL STANDARD BOOK NUMBER
International Standard Book Number 1900178354
040 ## - CATALOGING SOURCE
Original cataloging agency KMU
Language of cataloging eng
Transcribing agency KMU
Modifying agency KMU
Description conventions RDA
050 ## - LIBRARY OF CONGRESS CALL NUMBER
Classification number S599.9.Z2
100 ## - MAIN ENTRY--PERSONAL NAME
Personal name Trapnell C.G
245 ## - TITLE STATEMENT
Title The Soils, Vegetation and Traditional Agriculture of Zambia:
Remainder of title North Eastern Zambia [Ecological Survey 1937-1942]
Statement of responsibility, etc. C.G Trapnell.
260 ## - PUBLICATION, DISTRIBUTION, ETC.
Place of publication, distribution, etc. England:
Name of publisher, distributor, etc. Redcliffe Press,
Date of publication, distribution, etc. 1996.
300 ## - PHYSICAL DESCRIPTION
Extent xi, 146p.:
Other physical details ill, map, images;
Dimensions 31cm.
504 ## - BIBLIOGRAPHY, ETC. NOTE
Bibliography, etc. note Includes an appendix.
650 ## - SUBJECT ADDED ENTRY--TOPICAL TERM
Topical term or geographic name entry element Soil
942 ## - ADDED ENTRY ELEMENTS (KOHA)
Source of classification or shelving scheme Library of Congress Classification
Koha item type Non-Fiction
Suppress in OPAC No
Holdings
Withdrawn status Lost status Source of classification or shelving scheme Damaged status Not for loan Collection Home library Current library Shelving location Date acquired Source of acquisition Total Checkouts Full call number Barcode Date last seen Price effective from Koha item type
    Library of Congress Classification     Non-fiction Kapasa Makasa University Kapasa Makasa University Open Access 28.03.2024 CBU   S 599.9.Z2 Tra 728754 28.03.2024 28.03.2024 Non-Fiction
    Library of Congress Classification     Non-fiction Kapasa Makasa University Kapasa Makasa University Open Access 28.03.2024 CBU   S 599.9.Z2 Tra 728757 28.03.2024 28.03.2024 Non-Fiction